Normal view
MARC view
Entry Personal Name
001 - CONTROL NUMBER
- control field: 34751
003 - CONTROL NUMBER IDENTIFIER
- control field: OSt
005 - DATE AND TIME OF LATEST TRANSACTION
- control field: 20221226153838.0
008 - FIXED-LENGTH DATA ELEMENTS
- fixed length control field: 221226|| aca||aabn | a|a d
040 ## - CATALOGING SOURCE
- Original cataloging agency: OSt
- Transcribing agency: OSt
100 ## - HEADING--PERSONAL NAME
- Personal name: Wichowsky, A. Shah, P. and Heideman, A.
670 ## - SOURCE DATA FOUND
- Source citation: Work cat.: (OSt)520699: Wichowsky, A. Shah, P. and Heideman, A. , Call and response? Neighborhood inequality and political voice
